Optimalizácia delenia výkonov v paralelných hybridných pohonoch motorových vozidiel
Salvato in:
| Autore principale: | |
|---|---|
| Altri autori: | |
| Natura: | Libro |
| Lingua: | slovacco |
| Pubblicazione: |
Bratislava :
STU v Bratislave SjF,
2009
|
| Edizione: | 1. vyd. |
| Soggetti: | |
| Accesso online: | http://is.stuba.sk/zp/portal_zp.pl?podrobnosti=45298 |
| Tags: |
Nessun Tag, puoi essere il primo ad aggiungerne!!
|
MARC
| LEADER | 00000nam a22000003a 4500 | ||
|---|---|---|---|
| 001 | stu202068 | ||
| 005 | 20170926113824.9 | ||
| 008 | 100408s2009----xo------------------slo-d | ||
| 040 | |a STU |b slo | ||
| 041 | 0 | |a slo | |
| 044 | |a xo | ||
| 100 | 1 | |a Matej, Juraj, |d 1981- |4 aut |u J0030 |U SjF Strojnícka fakulta |T SjF Ústav dopravnej techniky a konštruovania |X 10296 |U J0030 |Y 806 |7 A000010296 | |
| 245 | 1 | |a Optimalizácia delenia výkonov v paralelných hybridných pohonoch motorových vozidiel | |
| 250 | |a 1. vyd. | ||
| 260 | |a Bratislava : |b STU v Bratislave SjF, |c 2009 | ||
| 300 | |a 156 s | ||
| 650 | 7 | |a dopravné stroje |2 stusub | |
| 650 | 7 | |a dopravné zariadenia |2 stusub | |
| 700 | 1 | |a Ferencey, Viktor, |d 1946- |4 ths |u J0030 |U SjF Strojnícka fakulta |T SjF Ústav dopravnej techniky a konštruovania |X 2209 |U J0030 |Y 806 |7 2209 | |
| 856 | 4 | 0 | |u http://is.stuba.sk/zp/portal_zp.pl?podrobnosti=45298 |
| 996 | |b 284J037053 |c J*112358 |l JJST |s P |a 0 |w stu202068_0001 | ||